01078cam a2200277 i 4500999001500000001000800015003000400023005001700027008004100044010001700085020002400102040001800126050001700144082001700161100004600178245005200224260003600276300002100312500013700333504003000470650004500500700007600545906004500621942001200666952012200678 c3758d37582720182OSt20181122151203.0770406s1977 ilu b 000 0 eng  a 77006227  a0802441696 :c$1.75 aDLCcDLCdDLC00aBX8645b.F7300a230.9bF841I1 aFraser, Gordon H.q(Gordon Holmes)d1957-10aIs Mormonism Christian? /cBy Gordon H. Fraser. aChicago :bMoody Press,cc1977. a192 p. ;c18 cm. aA consolidation and revision of the author's 1965 ed. of Is Mormonism Christian? and 1964 ed. of What does the Book of Mormon teach? aBibliography: p. 189-192. 0aMormon ChurchxControversial literature.1 aFraser, Gordon H.q(Gordon Holmes)tWhat does the Book of Mormon teach? a7bcbccorignewd1eocipf19gy-gencatlg 2ddccBK 00102ddc40718NFICaHMCbHMCcGENd2018-11-22g120.00l0o230.9 F841Ip004400r2018-11-22 00:00:00w2018-11-22yBK